[Event "Match"]
[Site "www.echecsemail.com"]
[Date "2018.10.09"]
[Round "1"]
[White "Bojan"]
[Black "Mitja"]
[WhiteElo "1920"]
[BlackElo "1970"]
[Result "1-0"]
[Round "1"]
1.e4 d5
2.exd5 Qd8xd5
3.Qd1f3 Qd5d8
4.Nb1c3 e6
5.Bf1c4 c6
6.a3 Bf8e7
7.d3 Be7f6
8.Nc3e4 Bf6e5
9.Ng1e2 b6
10.c3 Bc8b7
11.d4 Be5c7
12.Qf3g4 Kf8
13.Bc1g5 Qd8d7
14.O-O Bc7d8
15.Bg5f4 Ng8f6
16.Ne4xf6 Bd8xf6
17.Qg4g3 g6
18.Bf4xb8 { resign }
1-0

[Event "Match"]
[Site "www.echecsemail.com"]
[Date "2018.10.09"]
[Round "1"]
[White "Jovaras"]
[Black "J1j6"]
[WhiteElo "2190"]
[BlackElo "2000"]
[Result "1-0"]
[Round "1"]
1.e4 c5
2.Ng1f3 e6
3.d4 d5
4.exd5 exd5
5.dxc5 Bf8xc5
6.Bf1b5 Nb8c6
7.O-O a6
8.Bb5a4 b5
9.Ba4b3 Bc8e6
10.Rf1e1 Qd8b6
11.Re1e2 Ng8e7
12.Bb3xd5 Be6xd5
13.Qd1xd5 Bc5xf2
14.Kh1 Ra8d8
15.Qd5e4 Rd8d1
16.Nf3e1  { time }
1-0

[Event "Tourn. n9875"]
[Site "www.echecsemail.com"]
[Date "2018.10.09"]
[Round "1"]
[White "Malbertan"]
[Black "Osopanda"]
[WhiteElo "2020"]
[BlackElo "1870"]
[Result "1-0"]
[Round "1"]
1.e4 e5
2.Ng1f3 Nb8c6
3.Bf1c4 Ng8f6
4.Nf3g5 d5
5.exd5 Nc6a5
6.Bc4b5 c6
7.dxc6 bxc6
8.Bb5e2 h6
9.Ng5f3 Bf8d6
10.O-O O-O
11.c3 Bc8g4
12.d4 e4
13.Nf3d2 Bg4xe2
14.Qd1xe2 Rf8e8
15.b4 Na5b7
16.Nd2c4 Bd6c7
17.Bc1e3 Qd8d5
18.Nb1d2 Nb7d6
19.Nc4xd6 Bc7xd6
20.c4 Qd5f5
21.c5 Bd6c7
22.a4 Nf6d5
23.b5 cxb5
24.axb5 Nd5xe3
25.fxe3 Qf5g6
26.Rf1f2 f5
27.Qe2c4 Kh7
28.Ra1f1 Qg6h5
29.g3 f4
30.gxf4 Re8e7
31.d5 Bc7a5
32.Nd2xe4 Ra8e8
33.Ne4g3 Qh5f7
34.e4 Qf7f6
35.e5 Qf6g6
36.f5 Qg6f7
37.e6 Qf7f6
38.d6 Re7b7
39.c6 Rb7b8
40.c7 Rb8a8
41.d7 Re8f8
42.c8Q Ra8xc8
43.dxc8Q Rf8xc8
44.Qc4xc8 Ba5b6
{ time. }
1-0

[Event "Tourn. n9945"]
[Site "www.echecsemail.com"]
[Date "2018.10.09"]
[Round "1"]
[White "Cal"]
[Black "Julian"]
[WhiteElo "1720"]
[BlackElo "1720"]
[Result "1-0"]
[Round "1"]
1.e4 c5
2.c4 d6
3.d3 Nb8c6
4.a3 e6
5.Bf1e2 Ng8f6
6.h3 Bf8e7
7.Nb1c3 O-O
8.Bc1e3 Nc6d4
9.Be3xd4 cxd4
10.Nc3a2 a6
11.Ng1f3 e5
12.O-O Ra8b8
13.b4 Bc8e6
14.c5 dxc5
15.Nf3xe5 Qd8c7
16.f4 Be6xa2
{ time. }
1-0

[Event "Match"]
[Site "www.echecsemail.com"]
[Date "2018.10.09"]
[Round "1"]
[White "Bigrezi"]
[Black "J1j6"]
[WhiteElo "2310"]
[BlackElo "1950"]
[Result "1-0"]
[Round "1"]
1.e4 e6
2.d4 d5
3.e5 c5
4.Ng1f3 cxd4
5.Qd1xd4 Nb8c6
6.Qd4d3 Nc6b4
7.Qd3b3 Bc8d7
8.Bf1e2 Bf8c5
9.Bc1e3 Qd8b6
10.Be3xc5 Qb6xc5
11.Nb1c3 b5
12.a3 Nb4c6
13.Qb3xb5 Qc5b6
14.Qb5xb6 axb6
15.Nc3b5 Ra8c8
16.Nb5d6 Kf8
17.Nd6xc8 Bd7xc8
18.Be2b5 Bc8b7
19.Bb5xc6 Bb7xc6
20.O-O-O Ng8e7
21.Rd1d3 h6
22.Rd3b3 Ne7c8
23.Nf3d4 Bc6b7
24.Rb3c3 Nc8e7
25.Rc3c7 Bb7a6
26.Rh1e1 g5
27.Rc7a7 Ba6c4
28.b3 Bc4xb3
29.cxb3 Ne7g6
30.Ra7a8 Kg7
31.Ra8xh8 Kxh8
32.Kd2 Ng6h4
33.g3 Nh4g6
34.Kc3 Ng6e7
35.Kb4  { time }
1-0

[Event "Match"]
[Site "www.echecsemail.com"]
[Date "2018.10.09"]
[Round "1"]
[White "Geodad5"]
[Black "J1j6"]
[WhiteElo "2140"]
[BlackElo "1930"]
[Result "1-0"]
[Round "1"]
1.e4 c5
2.Ng1f3 e6
3.d4 d5
4.e5 c4
5.Bf1e2 h6
6.O-O Bf8e7
7.b3 cxb3
8.cxb3 Nb8c6
9.Bc1e3 Be7g5
10.Qd1d2 Bg5xe3
11.Qd2xe3 Nc6b4
12.Rf1c1 Ng8e7
13.a3 Ne7f5
14.Qe3c3 Nb4c6
15.Be2d3 Bc8d7
16.Bd3xf5 exf5
17.Nb1d2 Bd7e6
18.b4 a6
19.Nd2b3 Qd8c7
20.Qc3d3 Ra8c8
21.h3 g5
22.Ra1a2 Qc7e7
23.Ra2c2 Be6d7
24.Nb3c5 Bd7e6
25.Nc5xa6 Rc8a8
26.Na6c5 O-O
27.Nf3d2 f6
28.Nc5xb7 Nc6xe5
29.dxe5 Qe7xb7
30.exf6  { time }
1-0

[Event "Tourn. n9943"]
[Site "www.echecsemail.com"]
[Date "2018.10.09"]
[Round "1"]
[White "Falcoale"]
[Black "Mitja"]
[WhiteElo "1920"]
[BlackElo "1950"]
[Result "0-1"]
[Round "1"]
1.e4 d5
2.exd5 Qd8xd5
3.Nb1c3 Qd5d8
4.d4 e6
5.Ng1f3 c6
6.Bf1d3 h6
7.O-O Ng8f6
8.Bd3c4 Nb8d7
9.Rf1e1 Bf8e7
10.h3 b5
11.Bc4b3 Bc8b7
12.Bc1e3 Nd7b6
13.Qd1e2 Nb6d5
14.Nf3e5 Nd5xe3
15.Qe2xe3 Nf6d5
16.Nc3xd5 cxd5
17.Ne5xf7 Kxf7
 { time }
0-1

[Event "Tourn. n9904"]
[Site "www.echecsemail.com"]
[Date "2018.10.09"]
[Round "1"]
[White "Cybervincy"]
[Black "Kevinking"]
[WhiteElo "1929"]
[BlackElo "1970"]
[Result "1-0"]
[Round "1"]
1.d4 Ng8f6
2.c4 g6
3.Nb1c3 Bf8g7
4.e4 d6
5.Ng1f3 O-O
6.Bf1e2 e5
7.O-O Nb8c6
8.d5 Nc6e7
9.Nf3e1 Nf6d7
10.Bc1e3 b6
11.b4 a5
12.a3 f5
13.f3 f4
14.Be3f2 g5
15.Ne1d3 Bc8a6
16.c5 Ba6xd3
17.Qd1xd3 Ne7g6
18.Rf1c1 axb4
19.axb4 bxc5
20.bxc5 Ra8xa1
21.Rc1xa1 Nd7xc5
22.Bf2xc5 dxc5
23.Qd3b5 Qd8d6
24.Ra1a6 Qd6d8
25.Qb5xc5 g4
26.fxg4 Qd8h4
27.Qc5f2 Qh4e7
28.d6 Qe7h4
29.Qf2xh4 Ng6xh4
30.dxc7 f3
31.gxf3 Rf8c8
32.Ra6c6 { resign }
1-0

[Event "1/64 Finale"]
[Site "www.chess-mail.com"]
[Date "2018.10.09"]
[Round "1"]
[White "Mitja"]
[Black "Add"]
[WhiteElo "2010"]
[BlackElo "2240"]
[Result "0-1"]
[Round "1"]
1.d4 d5
2.e3 Ng8f6
3.c3 Nb8c6
4.Bf1e2 a6
5.Ng1f3 Bc8f5
6.h3 e6
7.b3 Nf6e4
8.Bc1b2 Bf8e7
9.Nb1d2 Ne4xd2
10.Qd1xd2 Bf5e4
11.Qd2c1 O-O
12.O-O b5
13.Nf3d2 Be4f5
14.Nd2f3 f6
15.Nf3h4 Bf5e4
16.Nh4f3 Be7d6
17.Nf3d2 Nc6e7
18.Nd2xe4 dxe4
19.Rf1d1 c6
20.Qc1c2 f5
21.c4 Ne7g6
22.c5 Bd6e7
23.a3 Be7f6
24.b4 Ng6h4
25.Ra1b1 Qd8e8
26.Kh1 Ra8d8
27.Rd1d2 Bf6g5
28.Qc2d1 f4
29.exf4 Bg5xf4
30.Rd2c2 Bf4g5
31.Be2f1 Qe8g6
32.Rc2e2 Nh4f5
33.Kg1 e3
34.fxe3 Nf5xe3
35.Qd1e1 Rf8xf1
{ resign }
0-1

[Event "Tourn. n9940"]
[Site "www.echecsemail.com"]
[Date "2018.10.10"]
[Round "1"]
[White "Asoka"]
[Black "Greghghs"]
[WhiteElo "2710"]
[BlackElo "2510"]
[Result "1-0"]
[Round "1"]
1.e4 e6
2.d4 d5
3.exd5 exd5
4.Bf1d3 Nb8c6
5.Ng1f3 Bf8d6
6.O-O Ng8e7
7.c3 Bc8g4
8.h3 Bg4h5
9.Rf1e1 Qd8d7
10.Nb1d2 O-O-O
11.b4 Rd8e8
12.b5 Nc6d8
13.Bd3f1 f6
14.Qd1b3 g5
15.c4 g4
16.hxg4 Bh5xg4
17.c5 Bd6f4
18.c6 bxc6
19.Ra1b1 Bg4f5
20.Rb1b2 Qd7d6
21.Qb3a4  { time }
1-0

[Event "Tourn. n9949"]
[Site "www.echecsemail.com"]
[Date "2018.10.10"]
[Round "1"]
[White "Apdash"]
[Black "Amaya"]
[WhiteElo "2160"]
[BlackElo "2090"]
[Result "1-0"]
[Round "1"]
1.e4 e6
2.d4 d5
3.exd5 exd5
4.c4 dxc4
5.Bf1xc4 Ng8f6
6.Ng1f3 Bf8e7
7.Qd1b3 O-O
8.Nf3g5 Nf6d5
9.Ng5xf7 Be7b4
10.Bc1d2 Qd8e7
11.Nf7e5 Bb4xd2
12.Nb1xd2 c6
13.O-O Nb8d7
14.Bc4xd5 cxd5
15.Qb3xd5 Kh8
16.Nd2c4 Nd7f6
17.Qd5d6 Qe7e8
18.Ra1e1 Bc8e6
19.Ne5g6 Qe8xg6
20.Re1xe6 Ra8d8
21.Qd6e5 Rd8d5
22.Qe5e3 Qg6h5
23.h3 h6
24.Nc4e5 Nf6d7
25.Ne5g6 Kg8
26.Ng6xf8 Nd7xf8
27.Re6e8 Qh5f7
28.Re8e7 Qf7f6
29.Re7xb7 Rd5xd4
30.Qe3b3 Kh7
31.Rb7f7 Qf6d6
32.Qb3b7 Nf8e6
33.g3 Rd4b4
34.Qb7xa7 Rb4d4
35.Qa7e7 Rd4d3
36.Kh2 Rd3d5
37.Qe7xd6 Rd5xd6
38.Rf1e1 Ne6g5
39.Rf7f8 Rd6d3
40.Kg2 Kg6
41.Re1e2 { resign }
1-0

[Event "Match"]
[Site "www.echecsemail.com"]
[Date "2018.10.10"]
[Round "1"]
[White "J1j6"]
[Black "Chapi"]
[WhiteElo "2000"]
[BlackElo "2120"]
[Result "0-1"]
[Round "1"]
1.d4 d5
2.c4 g6
3.Nb1c3 Bf8g7
4.cxd5 Ng8f6
5.e4 O-O
6.f3 c6
7.dxc6 Nb8xc6
8.Bc1e3 a6
9.d5 Nc6e5
10.Be3d4 Qd8c7
11.Qd1c2 b5
12.Ra1c1 e6
13.Bd4xe5 Qc7xe5
14.dxe6 Bc8xe6
15.a3 Ra8c8
16.b4 Nf6d5
17.Ng1e2 Nd5xc3
18.f4 Qe5h5
19.Ne2g3 Qh5h4
20.Qc2d3 Qh4xf4
21.Ng3e2 Nc3xe2
 { time }
0-1

[Event "Match"]
[Site "www.echecsemail.com"]
[Date "2018.10.10"]
[Round "1"]
[White "Apdash"]
[Black "Alessiov"]
[WhiteElo "2150"]
[BlackElo "2470"]
[Result "0-1"]
[Round "1"]
1.e4 e5
2.Ng1f3 d5
3.Nf3xe5 Bf8d6
4.d4 dxe4
5.f4 Bc8e6
6.c4 Ng8h6
7.d5 Be6f5
8.Bf1e2 O-O
9.Bc1e3 Qd8h4
10.g3 Qh4e7
11.Qd1b3 Nb8a6
12.Nb1c3 f6
13.c5 Na6xc5
14.Be3xc5 fxe5
15.Bc5xd6 cxd6
16.fxe5 Qe7xe5
17.Ra1d1 Nh6g4
18.Be2xg4 Bf5xg4
19.Rd1d2 e3
20.Rd2c2 Qe5f5
21.Qb3xb7 Qf5xc2
{ resign }
0-1

[Event "Tourn. n9963"]
[Site "www.echecsemail.com"]
[Date "2018.10.10"]
[Round "1"]
[White "Apdash"]
[Black "Mitja"]
[WhiteElo "2270"]
[BlackElo "1960"]
[Result "1-0"]
[Round "1"]
1.e4 d5
2.exd5 Qd8xd5
3.Nb1c3 Qd5e5
4.Bf1e2 c6
5.Ng1f3 Qe5d6
6.d4 e6
7.Nc3e4 Qd6e7
8.O-O h6
9.Bc1f4 Qe7d8
10.c4 Ng8f6
11.Ne4xf6 Qd8xf6
12.Bf4e5 Qf6e7
13.Rf1e1 Nb8d7
14.c5 Nd7xe5
15.Nf3xe5 Qe7f6
16.Be2f3 Bf8e7
17.Ne5xc6 O-O
18.Nc6e5 Ra8b8
19.Qd1a4 a6
20.Re1e3 g6
21.Bf3e4 Qf6g7
22.Re3g3 b5
23.cxb6 Rb8xb6
24.Ne5xg6 Be7g5
25.Ng6xf8 Qg7xf8
26.h4 { resign }
1-0

[Event "Tourn. n9953"]
[Site "www.echecsemail.com"]
[Date "2018.10.10"]
[Round "1"]
[White "Ssharp"]
[Black "Apdash"]
[WhiteElo "2290"]
[BlackElo "2160"]
[Result "0-1"]
[Round "1"]
1.e4 e5
2.Ng1f3 Ng8f6
3.Nf3xe5 Qd8e7
4.d4 Nf6xe4
5.Bf1e2 d6
6.Ne5f3 Bc8g4
7.O-O Nb8d7
8.Rf1e1 O-O-O
9.h3 Bg4h5
10.Nb1d2 f5
11.Nd2xe4 fxe4
12.Nf3d2 Bh5xe2
13.Re1xe2 d5
14.f3 Qe7f6
15.c3 exf3
16.Nd2xf3 h6
17.Bc1e3 Bf8d6
18.Qd1c2 g5
19.Ra1f1 Qf6g7
20.g4 Nd7f6
21.Qc2f5 Kb8
22.Nf3e5 Nf6e4
23.Kg2 Rh8f8
24.Qf5e6 Rf8xf1
25.Kxf1 Ne4g3
26.Ke1 Ng3xe2
27.Kxe2 Bd6xe5
28.Qe6xe5 Qg7g6
29.Qe5f5 Qg6a6
30.Kd1 Qa6xa2
31.Kc1 Qa2a1
32.Kc2 Qa1e1
33.Be3d2 Qe1e4
34.Qf5xe4 dxe4
35.Kd1 c5
36.Bd2e3 cxd4
37.cxd4 Rd8f8
38.Ke2 Rf8f3
{ resign }
0-1

[Event "Match"]
[Site "www.echecsemail.com"]
[Date "2018.10.10"]
[Round "1"]
[White "Jackbauer"]
[Black "J1j6"]
[WhiteElo "1790"]
[BlackElo "1870"]
[Result "1-0"]
[Round "1"]
1.e4 c5
2.f4 e6
3.Ng1f3 Nb8c6
4.Nb1c3 a6
5.Bf1e2 g6
6.b3 Bf8g7
7.e5 d6
8.exd6 Qd8xd6
9.g3 Bc8d7
10.d3 Bg7xc3
11.Bc1d2 Bc3xa1
12.Qd1xa1 f6
13.Bd2c3 Qd6e7
14.g4 b5
15.g5 Kf7
16.gxf6 Qe7d6
17.Nf3g5 Kf8
18.Rh1f1 Nc6d4
19.Kd2 Ng8xf6
20.Qa1e1  { time }
1-0

[Event "Match"]
[Site "www.echecsemail.com"]
[Date "2018.10.10"]
[Round "1"]
[White "Gidgud"]
[Black "Liencam2"]
[WhiteElo "2350"]
[BlackElo "2360"]
[Result "1/2-1/2"]
[Round "1"]
1.e4 c5
2.Ng1f3 e6
3.Nb1c3 a6
4.d4 cxd4
5.Nf3xd4 Qd8c7
6.g3 Bf8b4
7.Bc1d2 Ng8f6
8.Bf1g2 Nb8c6
9.Nd4xc6 dxc6
10.O-O Bb4e7
11.Qd1e2 e5
12.h3 O-O
13.Bd2e3 b5
14.f4 Be7d6
15.f5 Bc8b7
16.g4 b4
17.Nc3d1 a5
18.c4 c5
19.Be3g5 Bd6e7
20.h4 Rf8d8
21.Bg5xf6 gxf6
22.g5 Kh8
23.Nd1e3 Rd8g8
24.Ne3g4 fxg5
25.f6 Be7d8
26.Ng4h6 Rg8g6
27.Qe2h5 gxh4
28.Qh5xh4 Ra8a6
29.Nh6g4 Qc7d7
30.Ra1d1 Ra6d6
31.Rd1xd6 Qd7xd6
32.Ng4h6 Qd6e6
33.Kh2 Bd8xf6
34.Qh4h5 Qe6xc4
35.Rf1xf6 Rg6xf6
36.Qh5xe5 Qc4e6
37.Qe5b8 Kg7
38.Nh6f5 Rf6xf5
39.exf5 Qe6h6
40.Kg1 Bb7xg2
41.Qb8g3 Kf6
42.Qg3d6 Kg7
43.Qd6g3 Kf6
44.Qg3d6 Kg5
45.Qd6d2 Kh5
46.Qd2e2 Kh4
47.Qe2f2 Kh3
48.Qf2xg2 Kh4
49.Qg2h2 { draw }
1/2-1/2

[Event "Tourn. n9896"]
[Site "www.echecsemail.com"]
[Date "2018.10.10"]
[Round "1"]
[White "J1j6"]
[Black "Kevinking"]
[WhiteElo "1940"]
[BlackElo "1970"]
[Result "0-1"]
[Round "1"]
1.Ng1f3 Ng8f6
2.c4 g6
3.e3 Bf8g7
4.d4 O-O
5.Nb1c3 d6
6.Bf1d3 Nb8d7
7.Bc1d2 e5
8.dxe5 dxe5
9.O-O Rf8e8
10.Rf1e1 e4
11.Bd3c2 exf3
12.Qd1xf3 c6
13.Ra1d1 Qd8c7
14.g3 Kh8
15.b4 Ra8b8
16.a4 Nd7e5
17.Qf3e2 Bc8g4
18.Qe2f1 Ne5f3
19.Kg2 Nf3xe1
20.Rd1xe1 Qc7d7
21.Qf1d3 Bg4h3
22.Kg1 Qd7c7
23.f3 b6
24.f4 Rb8d8
25.Qd3e2 Bh3c8
26.e4 Bc8b7
27.e5 Nf6g8
28.Bd2e3 f6
 { time }
0-1

[Event "Tourn. n9958"]
[Site "www.echecsemail.com"]
[Date "2018.10.10"]
[Round "1"]
[White "Orhany24"]
[Black "Mitja"]
[WhiteElo "2070"]
[BlackElo "2010"]
[Result "1-0"]
[Round "1"]
1.e4 d5
2.exd5 Qd8xd5
3.d4 e5
4.c3 exd4
5.Qd1xd4 Qd5xd4
6.cxd4 Bf8b4
7.Nb1c3 Ng8f6
8.a3 Bb4a5
9.Bf1d3 O-O
10.Ng1e2 c6
11.O-O Ba5c7
12.h3 b5
13.Bc1g5 Nb8d7
14.Ra1c1 Bc8b7
15.Rf1e1 h6
16.Bg5h4 Bc7d8
17.Bh4g3 Bd8e7
18.Ne2f4 Nd7b6
19.Re1xe7 { resign }
1-0

[Event "Tourn. n9940"]
[Site "www.echecsemail.com"]
[Date "2018.10.10"]
[Round "1"]
[White "Greghghs"]
[Black "Krystek23"]
[WhiteElo "2510"]
[BlackElo "2560"]
[Result "0-1"]
[Round "1"]
1.e4 c5
2.Ng1f3 e6
3.d4 cxd4
4.Nf3xd4 Nb8c6
5.Nb1c3 Qd8c7
6.Bf1e2 a6
7.O-O Ng8f6
8.Bc1e3 Bf8e7
9.f4 d6
10.Kh1 Nc6xd4
11.Qd1xd4 O-O
12.a4 Bc8d7
13.e5 Nf6e8
14.Be2f3 Bd7c6
15.Nc3e4 Ra8d8
16.Qd4c3 dxe5
17.fxe5 Qc7b8
18.a5 f5
 { time }
0-1

[Event "Tourn. n9904"]
[Site "www.echecsemail.com"]
[Date "2018.10.10"]
[Round "1"]
[White "Odin"]
[Black "Andychesston"]
[WhiteElo "1920"]
[BlackElo "2070"]
[Result "0-1"]
[Round "1"]
1.d4 d5
2.c4 Ng8f6
3.Nb1c3 Bc8f5
4.Bc1g5 h6
5.Bg5xf6 gxf6
6.Nc3xd5 c6
7.Nd5c3 Bf8g7
8.Ng1f3 Nb8d7
9.e4 Bf5h7
10.Bf1d3 e5
11.d5 Nd7c5
12.Bd3c2 Qd8b6
13.Ra1b1 O-O-O
14.d6 Rd8d7
15.O-O Rh8d8
16.Qd1e2 Nc5e6
17.Nc3a4 Qb6a5
18.b4 Qa5a6
19.Rf1e1 Ne6f4
20.Qe2f1 Rd7xd6
21.c5 Qa6xf1
22.Kxf1 Rd6d7
23.a3 b5
24.Na4c3 Nf4d3
25.Re1d1 f5
26.exf5 Bh7xf5
27.Nf3h4 Bf5h7
28.f3 Rd7d4
29.g3 Bg7f6
30.Nc3e4 Bh7xe4
31.fxe4 Bf6xh4
32.gxh4 h5
33.h3 Rd8d7
34.Bc2xd3 Rd4xd3
35.Rd1xd3 Rd7xd3
36.Kg2 Rd3xa3
37.Rb1f1 a5
38.bxa5 Ra3xa5
39.Rf1xf7 b4
40.Rf7f8 Kb7
41.Rf8f7 Ka6
42.Rf7f2 Ra5xc5
43.Kf1 Kb5
44.Ke1 b3
45.Kd1 Kb4
46.Rf2e2 Rc5c4
47.Re2d2 Ka3
48.Rd2d8 Kb2
49.Rd8d2 Kb1
50.Rd2d8 Rc4xe4
51.Rd8b8 Re4d4
52.Ke2 b2
53.Rb8b6 c5
54.Ke3 Kc1
55.Rb6b3 b1Q
{ resign }
0-1

[Event "Match"]
[Site "www.echecsemail.com"]
[Date "2018.10.10"]
[Round "1"]
[White "Guidom"]
[Black "J1j6"]
[WhiteElo "2190"]
[BlackElo "2000"]
[Result "1-0"]
[Round "1"]
1.e4 c5
2.Ng1f3 e6
3.d4 Nb8c6
4.c3 cxd4
5.cxd4 d5
6.exd5 exd5
7.Nb1c3 h6
8.Bf1b5 Bf8b4
9.O-O Bb4xc3
10.bxc3 a6
11.Bb5a4 Ng8e7
12.Rf1e1 b5
13.Ba4b3 O-O
14.Bc1a3 Bc8e6
15.Qd1d3 Ra8c8
16.Nf3e5 Nc6a5
17.Ba3xe7 Qd8xe7
18.Bb3c2 f5
19.Ne5g6 Qe7f6
20.Ng6xf8 Rc8xf8
21.a4 Na5c4
22.axb5 axb5
23.Ra1a6 Rf8e8
24.g4 Nc4b2
25.Qd3h3 fxg4
26.Qh3e3 Nb2c4
27.Qe3d3 Kf7
28.Qd3g6 Qf6xg6
29.Bc2xg6 Kxg6
30.Re1xe6 Re8xe6
31.Ra6xe6  { time }
1-0

[Event "Tourn. n9919"]
[Site "www.echecsemail.com"]
[Date "2018.10.10"]
[Round "1"]
[White "Ditto"]
[Black "Awfen"]
[WhiteElo "1850"]
[BlackElo "2080"]
[Result "0-1"]
[Round "1"]
1.e4 Nb8c6
2.Nb1c3 e5
3.Bf1b5 Ng8f6
4.Ng1f3 d6
5.d3 Bc8d7
6.Bc1g5 Bf8e7
7.Qd1d2 O-O
8.Bb5c4 Nf6h5
9.Bg5e3 a6
10.O-O-O Nc6b4
11.Nc3d5 Nb4xd5
12.Bc4xd5 c6
13.Bd5b3 b5
14.Kb1 Nh5f6
15.h3 a5
16.c3 a4
17.Bb3c2 c5
18.d4 exd4
19.cxd4 c4
20.e5 Nf6e8
21.g4 d5
22.g5 g6
23.h4 b4
24.Rd1g1 b3
25.Bc2d1 Qd8b6
26.Qd2c3 Be7b4
27.Qc3c1 a3
28.h5 bxa2
29.Kxa2 axb2
30.Kxb2 Bb4d2
{ resign }
0-1

[Event "Tourn. n9934"]
[Site "www.echecsemail.com"]
[Date "2018.10.10"]
[Round "1"]
[White "Piriot"]
[Black "Rons"]
[WhiteElo "2370"]
[BlackElo "2660"]
[Result "1/2-1/2"]
[Round "1"]
1.Ng1f3 Ng8f6
2.c4 c5
3.Nb1c3 Nb8c6
4.g3 g6
5.Bf1g2 Bf8g7
6.O-O O-O
7.d4 cxd4
8.Nf3xd4 Qd8a5
9.Nd4c2 d6
10.Nc3d5 Nf6xd5
11.cxd5 Nc6e5
12.Bc1d2 Qa5b6
13.Bd2c3 Bc8f5
14.a4 Bf5xc2
15.Qd1xc2 Ra8c8
16.a5 Qb6b5
17.Rf1b1 Rc8c5
18.Bg2f1 Rf8c8
19.e4 Ne5f3
20.Kg2 Qb5d7
21.Qc2a4 Qd7g4
22.h3 Nf3h4
23.Kg1 Nh4f3
24.Kg2 Nf3h4
25.Kg1 { draw }
1/2-1/2

[Event "Match"]
[Site "www.echecsemail.com"]
[Date "2018.10.10"]
[Round "1"]
[White "J1j6"]
[Black "Passaroa25"]
[WhiteElo "1900"]
[BlackElo "1690"]
[Result "0-1"]
[Round "1"]
1.c4 Nb8c6
2.Nb1c3 Ng8f6
3.e3 e5
4.d3 d6
5.Bf1e2 Bc8d7
6.Bc1d2 Bf8e7
7.Ng1f3 Qd8b8
8.O-O Bd7f5
9.h3 h5
10.e4 Bf5g6
11.Bd2e3 O-O
12.Qd1d2 Nf6d7
13.Nc3d5 Be7d8
14.a3 Nc6e7
15.Nd5xe7 Bd8xe7
16.b4 f6
17.Ra1c1 Nd7b6
18.Be3xb6 cxb6
19.Rf1e1 a5
20.b5 Kf7
21.a4 Qb8c7
22.Nf3h4 Ra8b8
23.Nh4xg6 Kxg6
24.g4 h4
25.f4 Qc7c5
26.Kh1 Rf8h8
 { time }
0-1

[Event "Match"]
[Site "www.echecsemail.com"]
[Date "2018.10.10"]
[Round "1"]
[White "J1j6"]
[Black "Whitekknight"]
[WhiteElo "2050"]
[BlackElo "1850"]
[Result "0-1"]
[Round "1"]
1.e3 e5
2.d4 exd4
3.Qd1xd4 Nb8c6
4.Qd4d1 Ng8f6
5.Bf1c4 Bf8e7
6.Ng1f3 h6
7.O-O O-O
8.b3 d5
9.Bc4b5 Bc8d7
10.Bc1b2 a6
11.Bb5d3 Bd7e6
12.Nb1d2 Be7d6
13.g3 Be6h3
14.Rf1e1 Rf8e8
15.Nf3d4 Nc6xd4
16.Bb2xd4 Nf6e4
17.Nd2xe4 Bd6e7
 { time }
0-1

[Event "Tourn. n9937"]
[Site "www.echecsemail.com"]
[Date "2018.10.10"]
[Round "1"]
[White "Roque1"]
[Black "Iko"]
[WhiteElo "1730"]
[BlackElo "1810"]
[Result "1-0"]
[Round "1"]
1.e4 e5
2.Ng1f3 d6
3.Bf1c4 Bc8e6
4.d3 Ng8f6
5.Bc1g5 Nb8d7
6.O-O Bf8e7
7.Qd1d2 Nf6xe4
8.dxe4 Be6xc4
9.Bg5xe7 Qd8xe7
10.Rf1d1 O-O-O
11.Nb1c3 Nd7c5
12.b3 Bc4a6
13.b4 Nc5xe4
14.Nc3xe4 f5
15.Ne4c3 e4
16.Nf3d4 c5
17.Nd4xf5 Qe7f6
18.Nf5xd6 Rd8xd6
19.Qd2xd6 Qf6xc3
20.Qd6xc5 Qc3xc5
21.bxc5 Rh8f8
22.Rd1d4 Rf8e8
23.Ra1e1 b5
24.Re1xe4 Re8d8
25.Rd4xd8 Kxd8
26.Re4e6 Ba6c8
27.Re6d6 Ke7
28.Kf1 b4
29.Ke2 a5
30.Ke3 Bc8f5
31.Kd2 g5
32.Ke3 Bf5xc2
33.Rd6a6 Bc2b1
34.Ra6xa5 Kd7
35.Kd4 Kc6
36.Kc4 Bb1e4
37.g3 Be4f3
38.Kxb4 h5
39.Ra5a6 Kd5
40.c6 Kd6
41.a4 Bf3xc6
42.a5 g4
43.Ra6b6 Kc7
44.Kc5 Bc6f3
45.a6 Kc8
46.a7 Kd8
47.Kd6 Kc8
48.Rb6b8 
1-0

[Event "Tourn. n9949"]
[Site "www.echecsemail.com"]
[Date "2018.10.10"]
[Round "1"]
[White "Amaya"]
[Black "Panham"]
[WhiteElo "2090"]
[BlackElo "2170"]
[Result "0-1"]
[Round "1"]
1.d4 d5
2.e3 Ng8f6
3.Bf1d3 Bc8g4
4.f3 Bg4d7
5.Nb1d2 e6
6.f4 Bf8e7
7.Ng1f3 c5
8.c3 Nb8c6
9.a3 O-O
10.O-O Ra8c8
11.Nf3e5 a6
12.Qd1f3 Nf6e8
13.Qf3h5 Ne8f6
14.Qh5h3 cxd4
15.exd4 g6
16.Qh3h6 Nc6xe5
17.fxe5 Nf6h5
18.Nd2f3 f5
19.exf6 Be7xf6
20.Nf3g5 Qd8e7
21.Bd3xg6 Bf6xd4
22.cxd4 Rf8xf1
23.Kxf1 Qe7f8
24.Qh6xf8 Rc8xf8
25.Kg1 hxg6
26.Bc1d2 Nh5f4
27.Ra1c1 Nf4e2
{ resign }
0-1

[Event "1/32 Finale"]
[Site "www.chess-mail.com"]
[Date "2018.10.10"]
[Round "1"]
[White "Odin"]
[Black "Grischuk2789"]
[WhiteElo "1940"]
[BlackElo "2530"]
[Result "0-1"]
[Round "1"]
1.c4 e5
2.e3 Ng8f6
3.d4 Bf8b4
4.Bc1d2 Bb4xd2
5.Nb1xd2 exd4
6.exd4 d5
7.Ng1f3 Nb8c6
8.Qd1b3 O-O
9.Bf1d3 Rf8e8
10.Bd3e2 Qd8e7
11.Nf3e5 Nc6xd4
12.Qb3d1 Qe7xe5
13.O-O Qe5xe2
14.Qd1c1 Qe2h5
15.Qc1d1 Qh5xd1
16.Ra1xd1 dxc4
17.Nd2xc4 c5
18.Nc4d6 Re8d8
19.Nd6f5 Bc8xf5
20.Rd1e1 Bf5d3
21.h3 Bd3xf1
22.Re1xf1 Nd4e2
{ resign }
0-1

[Event "Fast Game"]
[Site "www.echecsemail.com"]
[Date "2018.10.10"]
[Round "1"]
[White "Krazy4chess"]
[Black "Zack1984"]
[WhiteElo "1930"]
[BlackElo "1790"]
[Result "0-1"]
[Round "1"]
1.d4 b5
2.e4 Bc8b7
3.Bf1d3 Ng8f6
4.Nb1d2 c5
5.dxc5 Nb8a6
6.Bd3xb5 Na6xc5
7.f3 e5
8.Ng1e2 Bf8e7
9.O-O Qd8b6
10.Bb5xd7 Nc5xd7
11.Kh1 Bb7a6
12.c4 Nd7c5
13.Qd1c2 O-O
14.b3 Rf8d8
15.Ne2c3 Nc5d3
16.Nc3d5 Nf6xd5
17.exd5 Nd3f2
18.Rf1xf2 Qb6xf2
19.Bc1b2 Be7g5
20.Ra1f1 Qf2xd2
{ resign }
0-1

[Event "Tourn. n9947"]
[Site "www.echecsemail.com"]
[Date "2018.10.11"]
[Round "1"]
[White "Ff333"]
[Black "Estonia"]
[WhiteElo "2160"]
[BlackElo "2030"]
[Result "1-0"]
[Round "1"]
1.e4 c5
2.Ng1f3 d6
3.d4 cxd4
4.Qd1xd4 Nb8c6
5.Bf1b5 Bc8d7
6.Bb5xc6 Bd7xc6
7.O-O e5
8.Qd4d3 Bf8e7
9.Nb1c3 Ng8f6
10.Rf1e1 Ra8c8
11.Nc3d5 Bc6xd5
12.exd5 O-O
13.Bc1e3 Qd8a5
14.Be3d2 Qa5xd5
15.Qd3xd5 Nf6xd5
16.Ra1c1 f5
17.c4 Nd5b6
18.b3 Be7f6
19.Bd2a5 Nb6d7
20.Ba5b4 Nd7c5
21.Rc1d1 Nc5e4
22.Bb4xd6 Ne4xd6
23.Rd1xd6 e4
24.Nf3d4 Bf6xd4
25.Rd6xd4 Rf8d8
26.Re1d1 Rd8xd4
27.Rd1xd4 Rc8c7
28.Kf1 Kf7
29.Rd4d6 g6
30.Ke2 a6
31.Ke3 Ke7
32.Rd6d5 Rc7c6
33.Kf4 h6
34.h3 Kf6
35.h4 g5
36.hxg5 hxg5
37.Ke3 Rc6e6
38.g3 b6
39.b4 Re6c6
40.Kd4 g4
41.a4 Kg5
42.b5 axb5
43.axb5 Rc6h6
44.c5 bxc5
45.Kxc5 Rh6h1
46.b6 Rh1c1
47.Kd6 Rc1b1
48.Kc6 Kf6
49.b7 Ke6
50.Rd5b5 { resign }
1-0

[Event "Tourn. n9944"]
[Site "www.echecsemail.com"]
[Date "2018.10.11"]
[Round "1"]
[White "Coolant"]
[Black "Jaroslavpech"]
[WhiteElo "2310"]
[BlackElo "2480"]
[Result "0-1"]
[Round "1"]
1.Nb1c3 d5
2.d4 Ng8f6
3.f3 c5
4.Bc1g5 cxd4
5.Bg5xf6 dxc3
6.Bf6xc3 e5
7.Bc3xe5 Nb8c6
8.Be5f4 Bf8c5
9.Qd1d2 Qd8b6
10.O-O-O O-O
11.Ng1h3 Bc8f5
12.Qd2xd5 Ra8d8
13.Qd5xf5 Bc5e3
14.Bf4xe3 Qb6xe3
15.Kb1 Rd8xd1
{ resign }
0-1

[Event "Match"]
[Site "www.echecsemail.com"]
[Date "2018.10.11"]
[Round "1"]
[White "J1j6"]
[Black "Yakke"]
[WhiteElo "2000"]
[BlackElo "1750"]
[Result "0-1"]
[Round "1"]
1.e4 e5
2.Ng1f3 Qd8f6
3.Bf1c4 h6
4.b3 d6
5.Bc1b2 Bc8e6
6.Bc4xe6 Qf6xe6
7.Nb1c3 Ng8e7
8.O-O a6
9.d4 Nb8c6
 { time }
0-1

[Event "Tourn. n9872"]
[Site "www.echecsemail.com"]
[Date "2018.10.11"]
[Round "1"]
[White "Tartan"]
[Black "Muchomurka"]
[WhiteElo "2560"]
[BlackElo "2410"]
[Result "1-0"]
[Round "1"]
1.d4 Ng8f6
2.c4 g6
3.Nb1c3 Bf8g7
4.e4 d6
5.Ng1f3 O-O
6.Bf1e2 e5
7.Bc1e3 exd4
8.Nf3xd4 Rf8e8
9.f3 Nb8c6
10.O-O Nc6xd4
11.Be3xd4 Bc8e6
12.Qd1d2 Qd8e7
13.Rf1d1 Ra8d8
14.Ra1c1 Nf6h5
15.Bd4xg7 Nh5xg7
16.Nc3d5 Be6xd5
17.cxd5 c5
18.dxc6 bxc6
19.Rc1xc6 d5
20.Qd2a5 dxe4
21.Rd1xd8 Re8xd8
22.fxe4 Ng7e6
23.Be2f1 Rd8d1
24.Rc6c8 Kg7
25.Qa5e5 f6
26.Qe5c3 a5
27.Qc3e3 Ne6g5
28.Rc8c4 h5
29.h4 Ng5f7
30.Qe3c3 Qe7a7
31.Rc4c5  { time }
1-0

[Event "Match"]
[Site "www.echecsemail.com"]
[Date "2018.10.11"]
[Round "1"]
[White "Paco"]
[Black "J1j6"]
[WhiteElo "1950"]
[BlackElo "2180"]
[Result "1-0"]
[Round "1"]
1.e4 e6
2.d4 d5
3.e5 f6
4.Ng1f3 Bf8e7
5.Bf1d3 Nb8c6
6.Bd3b5 Bc8d7
7.Nb1c3 fxe5
8.dxe5 a6
9.Bb5xc6 Bd7xc6
10.Qd1d4 b6
11.O-O Be7c5
12.Qd4g4 Qd8e7
13.Bc1g5 Qe7d7
14.a3 h5
15.Qg4g3 d4
16.Ra1d1 Bc6xf3
17.Qg3xf3 c6
18.b4 Bc5e7
19.Bg5xe7 Ng8xe7
20.Nc3e4 Ne7c8
21.Rd1d2 Nc8e7
22.Ne4d6 Kd8
23.Nd6f7 Kc7
24.Nf7xh8 Ra8xh8
25.Rf1d1 c5
26.Qf3f7 Ne7f5
27.Qf7xd7 Kxd7
28.bxc5 bxc5
29.a4 g5
30.Rd1b1 Kc6
31.a5 Kd5
32.Rb1b6 Rh8a8
33.Rd2e2 Nf5h4
34.Rb6d6 Kc4
35.Rd6xe6 Nh4f5
36.Re6f6 Ra8b8
37.Rf6b6 Rb8a8
38.e6 d3
39.cxd3 Kxd3
40.Re2e5  { time }
1-0